[Event "chess.com SpeedChess Q1Sw"]
[Site "chess.com INT"]
[Date "2022.11.10"]
[Round "7"]
[White "Donchenko, Alexander"]
[Black "Swiercz, Dariusz"]
[Result "0-1"]
[WhiteTitle "GM"]
[BlackTitle "GM"]
[WhiteElo "2645"]
[BlackElo "2646"]
[WhiteFideId "24603295"]
[BlackFideId "1126881"]
[EventDate "2022.11.10"]

1. Nf3 Nf6 2. c4 e6 3. g3 d5 4. Bg2 Be7 5. d4 O-O 6. Nc3 c6 7. O-O a5 8. Qc2 b6
9. e4 Ba6 10. Ne5 dxc4 11. Bf4 Nfd7 12. Nf3 b5 13. Rfd1 Nb6 14. Ne5 f6 15. Nf3
Qe8 16. d5 e5 17. Be3 Nc8 18. Nh4 g6 19. Bh3 b4 20. Na4 f5 21. exf5 Bxh4 22.
gxh4 cxd5 23. Rxd5 Bb7 24. Qxc4 Qf7 25. Rc5 Qxc4 26. Rxc4 Nd6 27. Rc7 gxf5 28.
Bc5 Ra6 29. Bxd6 Rxd6 30. Rxb7 Nc6 31. Kh1 Rh6 32. Rg1+ Kh8 33. Rb6 e4 34. Rg5
Rxh4 35. Rxf5 Rxf5 36. Bxf5 Nd4 37. Rb8+ Kg7 38. Rb7+ Kf6 39. Bc8 Nf3 40. h3 Ke5
41. Nb6 Rh6 42. Nc4+ Kd4 43. b3 Rg6 44. Bg4 Ne1 45. Nxa5 Nd3 46. Rf7 h5 47. Bxh5
Rg5 48. Bg4 Rxa5 49. h4 Rxa2 0-1

[Event "chess.com SpeedChess Q1Sw"]
[Site "chess.com INT"]
[Date "2022.11.10"]
[Round "7"]
[White "Shimanov, Aleksandr"]
[Black "Pranav, V"]
[Result "1-0"]
[WhiteTitle "GM"]
[BlackTitle "IM"]
[WhiteElo "2581"]
[BlackElo "2548"]
[WhiteFideId "4198603"]
[BlackFideId "25060783"]
[EventDate "2022.11.10"]

1. e4 e5 2. Nf3 Nc6 3. Nc3 Nf6 4. h3 g6 5. Bc4 Bg7 6. d3 O-O 7. Bg5 h6 8. Be3 d6
9. Qd2 Kh7 10. O-O Na5 11. Bb3 Nxb3 12. axb3 Nh5 13. d4 f5 14. dxe5 f4 15. Bxa7
g5 16. exd6 g4 17. hxg4 Bxg4 18. Nh2 Qh4 19. f3 Be6 20. dxc7 Ng3 21. Rfd1 Rac8
22. Bb6 Rf6 23. Qd8 Qh5 24. Ra5 Qg6 25. Ra8 Rf8 26. Rxc8 Bxc8 27. Bd4 Rg8 28.
Bxg7 Qxg7 29. Rd2 Qe5 30. Nd5 Nh5 31. Qe7+ Qg7 32. Qxg7+ Rxg7 33. b4 Be6 34. b5
b6 35. c4 Kg6 36. b4 Rg8 37. Nxb6 Kf6 38. Rd8 Rg7 39. c8=Q Bxc8 40. Nxc8 Ng3 41.
Ng4+ Kg5 42. Rd5+ Kh4 43. b6 Rf7 44. c5 1-0

[Event "chess.com SpeedChess Q1Sw"]
[Site "chess.com INT"]
[Date "2022.11.10"]
[Round "7"]
[White "Mikhailov, Viacheslav"]
[Black "Nguyen Hong Nhung"]
[Result "1-0"]
[WhiteTitle "IM"]
[BlackTitle "WFM"]
[WhiteElo "2428"]
[BlackElo "2003"]
[WhiteFideId "4187369"]
[BlackFideId "12412201"]
[EventDate "2022.11.10"]

1. Nf3 f5 2. g3 Nf6 3. Bg2 g6 4. O-O Bg7 5. c4 O-O 6. Nc3 d6 7. d3 e5 8. Bg5 h6
9. Bxf6 Bxf6 10. Rc1 Nc6 11. Nd5 Bg7 12. b4 Rb8 13. b5 Ne7 14. Qa4 a6 15. bxa6
bxa6 16. Qa5 Nxd5 17. cxd5 Rb6 18. Nd2 Bb7 19. Rc2 Rf7 20. Rfc1 Rb5 21. Qa4 h5
22. Nb3 Bh6 23. e3 Qb8 24. Na5 Bxd5 25. Bxd5 Rxd5 26. Nc6 Qb5 27. Qh4 Bf8 28.
Nd8 Rd7 29. Qf6 Bg7 30. Qe6+ Kh7 31. Rxc7 Rxd8 32. Rxg7+ Kxg7 33. Qe7+ Kh6 34.
Qxd8 Rc5 35. Rd1 Qc6 36. Qh8+ Kg5 37. e4 fxe4 38. h4+ Kg4 39. Qf6 exd3 40. Qxg6+
Kf3 41. Qxd3+ Kg4 42. Qg6+ Kf3 43. Qf5+ Ke2 44. Qd3# 1-0

[Event "chess.com SpeedChess Q1Sw"]
[Site "chess.com INT"]
[Date "2022.11.10"]
[Round "7"]
[White "Lazavik, Denis"]
[Black "Bartel, Mateusz"]
[Result "1/2-1/2"]
[WhiteTitle "IM"]
[BlackTitle "GM"]
[WhiteElo "2529"]
[BlackElo "2627"]
[WhiteFideId "13515110"]
[BlackFideId "1112635"]
[EventDate "2022.11.10"]

1. d4 e6 2. c4 b6 3. e4 Bb7 4. Bd3 Bb4+ 5. Kf1 Nc6 6. Nf3 Be7 7. Nc3 d6 8. d5
Nb8 9. g3 Nd7 10. Kg2 Ngf6 11. Re1 O-O 12. Bc2 a5 13. b3 Nc5 14. h3 c6 15. dxe6
Nxe6 16. Be3 d5 17. e5 Nd7 18. cxd5 cxd5 19. Nd4 Rc8 20. Ncb5 Ndc5 21. Kg1 g6
22. Qg4 h5 23. Qf3 Qd7 24. h4 Ne4 25. Bd3 N6c5 26. Bf1 f6 27. exf6 Rxf6 28. Qe2
Rcf8 29. Rad1 Nxf2 30. Bxf2 Rxf2 31. Qxf2 Rxf2 32. Kxf2 Ne4+ 33. Kg2 Bc5 34. Be2
Qe7 35. Bf3 Qe5 36. Ne2 Qb2 37. Bxe4 dxe4 38. Rd8+ Bf8 39. Nd4 e3+ 40. Kh2 Be4
41. Rf1 Bf5 42. Kg1 Kg7 43. Nxf5+ gxf5 44. Rxf5 Bc5 45. Rd7+ Kg6 46. Rg5+ Kf6
47. Kf1 Qb1+ 48. Kg2 Qe4+ 49. Kh2 Qf3 50. Nf4 Qf2+ 51. Kh3 Qf1+ 52. Kh2 Qf2+ 53.
Kh3 Qf1+ 54. Kh2 Qf2+ 1/2-1/2

[Event "chess.com SpeedChess Q1Sw"]
[Site "chess.com INT"]
[Date "2022.11.10"]
[Round "7"]
[White "Rohith, Krishna S"]
[Black "Ibarra Jerez, Jose Carlos"]
[Result "0-1"]
[WhiteTitle "FM"]
[BlackTitle "GM"]
[WhiteElo "2380"]
[BlackElo "2557"]
[WhiteFideId "46617051"]
[BlackFideId "2226332"]
[EventDate "2022.11.10"]

1. d4 Nf6 2. c4 d6 3. Nf3 g6 4. g3 Bf5 5. Bg2 Bg7 6. O-O O-O 7. Nc3 Ne4 8. Nd2
Nxc3 9. bxc3 Nc6 10. e4 Bd7 11. Rb1 Na5 12. Re1 c5 13. e5 Qc7 14. h4 dxe5 15.
dxc5 Qxc5 16. Ne4 Qc7 17. h5 Rad8 18. Ba3 Rfe8 19. Qc1 Bc6 20. Bf1 b6 21. c5 Bd5
22. c4 Ba8 23. cxb6 axb6 24. c5 bxc5 25. Bxc5 Rc8 26. Rb5 Nc6 27. Ng5 Nd4 28.
Qc4 e6 29. Bxd4 Qxc4 30. Bxc4 exd4 31. Bb3 h6 32. Nh3 g5 33. f4 g4 34. Nf2 Bf3
35. f5 exf5 36. Rxe8+ Rxe8 37. Rxf5 Re1+ 38. Kh2 Re7 39. Nd3 Kf8 40. Kg1 Ke8 41.
Nf4 Be4 42. Ra5 Bf6 43. Kf2 Kf8 44. Ra6 Bg5 45. Ne2 d3 46. Nc3 Bf3 47. Rd6 Be3+
48. Kf1 d2 49. Bd5 Bg5 50. Bxf3 gxf3 51. Kf2 Re1 52. Kxf3 Rc1 53. Ne4 d1=Q+ 54.
Rxd1 Rxd1 55. Nxg5 hxg5 56. Kg4 Rd5 57. h6 Kg8 58. Kh5 Kh7 59. g4 f6 60. a4 Rd4
61. a5 Rd3 62. a6 Rd2 63. a7 Rh2# 0-1

[Event "chess.com SpeedChess Q1Sw"]
[Site "chess.com INT"]
[Date "2022.11.10"]
[Round "7"]
[White "Samadov, Read"]
[Black "Lopez Martinez, Josep Manuel"]
[Result "1-0"]
[WhiteTitle "FM"]
[BlackTitle "GM"]
[WhiteElo "2450"]
[BlackElo "2493"]
[WhiteFideId "13417444"]
[BlackFideId "2212943"]
[EventDate "2022.11.10"]

1. d4 d5 2. c4 e6 3. Nf3 h6 4. g3 Nf6 5. Bg2 Bb4+ 6. Bd2 a5 7. O-O Nc6 8. a3 Bd6
9. Nc3 O-O 10. cxd5 exd5 11. Rc1 Be6 12. Nb5 Be7 13. Bf4 Ne8 14. Qd2 Nd6 15.
Nxd6 Bxd6 16. Rc3 Bxf4 17. Qxf4 Re8 18. Rfc1 Qd6 19. Qxd6 cxd6 20. e3 a4 21. Bf1
Na5 22. Bb5 Red8 23. Nd2 Bd7 24. Be2 b5 25. Rc7 Nc4 26. Nxc4 dxc4 27. d5 Rac8
28. Rb7 Rb8 29. Rc7 Be8 30. e4 Rd7 31. Rxd7 Bxd7 32. f3 f5 33. Kf2 fxe4 34. fxe4
b4 35. Bxc4 bxa3 36. bxa3 Rb2+ 37. Ke3 Rxh2 38. Rb1 Rg2 39. Rb7 Bg4 40. Kf4 h5
41. e5 Rf2+ 42. Kg5 Kh7 43. Bd3+ Kg8 44. Rb8+ Rf8 45. Bh7+ Kf7 46. Bg6+ Kg8 47.
Bh7+ Kf7 48. e6+ Bxe6 49. dxe6+ Ke7 50. Rxf8 Kxf8 51. Kxh5 Ke7 52. Bc2 1-0

[Event "chess.com SpeedChess Q1Sw"]
[Site "chess.com INT"]
[Date "2022.11.10"]
[Round "7"]
[White "Tan, Zhongyi"]
[Black "Alekseenko, Kirill"]
[Result "0-1"]
[WhiteTitle "GM"]
[BlackTitle "GM"]
[WhiteElo "2514"]
[BlackElo "2687"]
[WhiteFideId "8603642"]
[BlackFideId "4135539"]
[EventDate "2022.11.10"]

1. d4 d5 2. c4 dxc4 3. Nf3 a6 4. e3 Bg4 5. Bxc4 e6 6. h3 Bh5 7. g4 Bg6 8. Ne5
Be4 9. f3 Bxb1 10. Rxb1 h5 11. gxh5 Qh4+ 12. Ke2 Nf6 13. Qe1 Qxh5 14. Qg3 Nbd7
15. Nxd7 Kxd7 16. Bd3 Bd6 17. Qg2 Rae8 18. e4 e5 19. Qxg7 Be7 20. Qg5 Nxe4 21.
Qxh5 Ng3+ 22. Kd1 Rxh5 23. Rg1 Bh4 24. dxe5 Rhxe5 25. Bf4 Rd5 26. Bxg3 Bxg3 27.
Kc2 Rc5+ 28. Kb3 Re3 29. Rbd1 Rxf3 30. Rgf1 Rxf1 31. Bxf1+ Bd6 32. a4 Rf5 33.
Bc4 Rh5 34. Rd3 f5 35. Rf3 f4 36. Bd3 Ke6 37. Be2 Rh8 38. Rd3 c6 39. Bg4+ Ke5
40. Rd1 Bc5 41. Rd7 b5 42. Rf7 Be3 43. axb5 axb5 44. Re7+ Kd6 45. Re6+ Kd5 46.
Rf6 c5 47. Bf3+ Ke5 48. Rf7 Rxh3 49. Bc6 Bd4+ 50. Kc2 Rh2+ 51. Kd1 Rxb2 52. Bd7
c4 0-1

[Event "chess.com SpeedChess Q1Sw"]
[Site "chess.com INT"]
[Date "2022.11.10"]
[Round "7"]
[White "Sadhwani, Raunak"]
[Black "Sjugirov, Sanan"]
[Result "0-1"]
[WhiteTitle "GM"]
[BlackTitle "GM"]
[WhiteElo "2628"]
[BlackElo "2712"]
[WhiteFideId "35093487"]
[BlackFideId "4189302"]
[EventDate "2022.11.10"]

1. e4 c5 2. Nf3 Nf6 3. Nc3 d6 4. d4 cxd4 5. Nxd4 a6 6. h3 e5 7. Nb3 Be7 8. g4 h6
9. Be3 Be6 10. Nd5 Nbd7 11. Bg2 Rc8 12. O-O h5 13. Nxe7 Qxe7 14. g5 Nh7 15. Qxh5
Rxc2 16. Rac1 Rxc1 17. Rxc1 O-O 18. Na5 Rb8 19. a3 Qd8 20. b4 Rc8 21. Qd1 Rxc1
22. Qxc1 Qb8 23. h4 g6 24. Qd1 Qc7 25. Qc1 Qb8 26. Bf1 Nhf8 27. Nc4 d5 28. exd5
Bxd5 29. Qd1 Be6 30. Na5 Qc7 31. Bg2 b6 32. Nc6 Nb8 33. Qd8 Qxd8 34. Nxd8 Nfd7
35. Nxe6 fxe6 36. Be4 Kf7 37. Kg2 a5 38. Bb7 axb4 39. axb4 b5 40. Ba7 Ke7 41.
Kf3 Kd6 42. Bxb8+ Nxb8 43. Be4 Na6 44. Bxg6 Ke7 45. h5 Nxb4 46. h6 Kf8 47. Ke4
Nc6 48. Bh5 b4 49. Bd1 Kf7 50. Bh5+ Kf8 51. g6 b3 52. g7+ Kg8 53. Bg4 Nd8 54.
Kxe5 b2 0-1

[Event "chess.com SpeedChess Q1Sw"]
[Site "chess.com INT"]
[Date "2022.11.10"]
[Round "7"]
[White "Odegov, Artem"]
[Black "Harsh, Suresh"]
[Result "1-0"]
[WhiteTitle "FM"]
[BlackTitle "FM"]
[WhiteElo "2286"]
[BlackElo "2280"]
[WhiteFideId "34183644"]
[BlackFideId "45018464"]
[EventDate "2022.11.10"]

1. d4 g6 2. c4 Bg7 3. Nc3 d6 4. Nf3 c5 5. d5 a6 6. a4 Nf6 7. e4 O-O 8. Be2 e6 9.
O-O exd5 10. cxd5 Bg4 11. Nd2 Bxe2 12. Qxe2 Re8 13. Nc4 Qc7 14. Bf4 Bf8 15. e5
Nh5 16. exd6 Qd8 17. Qd2 Nxf4 18. Qxf4 Nd7 19. Rfe1 Bg7 20. a5 Qf6 21. Qxf6 Bxf6
22. Ne4 Kg7 23. Rad1 Rad8 24. Kf1 h5 25. Re2 h4 26. h3 Rc8 27. Nb6 Nxb6 28. axb6
Red8 29. Rc1 Bd4 30. Rec2 Kh6 31. Rc4 f5 32. Rxd4 cxd4 33. Rxc8 Rxc8 34. d7 Rd8
35. Nc5 g5 36. Nxb7 Rxd7 37. Nc5 Rd6 38. b7 Rb6 39. d6 d3 40. d7 Rxb2 41. Nxd3
Rb1+ 42. Ne1 Rxb7 43. d8=Q Rf7 44. Qd6+ Kg7 45. Qxa6 Rf6 46. Qa1 Kg6 47. Nf3 Re6
48. Qb2 Rd6 49. Ne5+ Kh5 50. Qb8 Rh6 51. Qe8+ Rg6 52. Qxg6# 1-0

[Event "chess.com SpeedChess Q1Sw"]
[Site "chess.com INT"]
[Date "2022.11.10"]
[Round "7"]
[White "Bok, Benjamin"]
[Black "Kravtsiv, Martyn"]
[Result "0-1"]
[WhiteTitle "GM"]
[BlackTitle "GM"]
[WhiteElo "2618"]
[BlackElo "2598"]
[WhiteFideId "1017063"]
[BlackFideId "14113147"]
[EventDate "2022.11.10"]

1. d4 d5 2. c4 e6 3. Nc3 Bb4 4. cxd5 exd5 5. Bf4 c6 6. e3 Bd6 7. Bxd6 Qxd6 8.
Bd3 Ne7 9. Qc2 b6 10. Nf3 Ba6 11. O-O Bxd3 12. Qxd3 O-O 13. Rac1 Nd7 14. a3 Rfe8
15. Rfd1 a5 16. g3 Qg6 17. Qxg6 hxg6 18. Kg2 f6 19. h4 Kf7 20. Ne2 Rac8 21. b3
Ra8 22. a4 Reb8 23. Nf4 b5 24. Nd3 bxa4 25. bxa4 Rb3 26. Nfe1 Ra3 27. Ra1 Rxa1
28. Rxa1 Rb8 29. Kf3 Rb3 30. Ke2 Nb6 31. Kd2 Nc4+ 32. Kc2 Rb8 33. Nc5 Rb2+ 34.
Kc3 Rxf2 35. Rb1 Re2 36. Ned3 Nxe3 37. Rb7 Nc4 38. Ra7 Rg2 39. Nb7 Rxg3 40. Kc2
Rg2+ 41. Kc3 Ra2 42. Ndc5 g5 43. Nd8+ Ke8 44. Nde6 Nf5 45. hxg5 fxg5 46. Nxg7+
Kf8 47. Nxf5 Ra3+ 48. Kc2 Ra2+ 49. Kb1 Rf2 50. Ne6+ Kg8 51. Rg7+ Kh8 52. Rxg5
Nd2+ 53. Kc1 Ne4 54. Rh5+ Kg8 55. Nh6+ Kh7 56. Ng4+ Kg6 57. Nxf2 Nxf2 0-1

[Event "chess.com SpeedChess Q1Sw"]
[Site "chess.com INT"]
[Date "2022.11.10"]
[Round "7"]
[White "Aaditya, Dhingra"]
[Black "Boros, Denes"]
[Result "0-1"]
[WhiteTitle "CM"]
[BlackTitle "GM"]
[WhiteElo "2172"]
[BlackElo "2402"]
[WhiteFideId "25678191"]
[BlackFideId "722340"]
[EventDate "2022.11.10"]

1. d4 g6 2. c4 Bg7 3. Nc3 Nc6 4. d5 Nb8 5. e4 c6 6. d6 Qa5 7. Nf3 exd6 8. Bd2
Nf6 9. Nb5 Qd8 10. Nxd6+ Kf8 11. Ng5 Na6 12. Ngxf7 Qe7 13. Bd3 Ne8 14. Bg5 Qe6
15. Qf3 Nxd6 16. Nxd6+ Kg8 17. Nxc8 Rxc8 18. O-O Nc5 19. Rab1 h6 20. Bd2 Qd6 21.
Bb4 Qxd3 22. Bxc5 Qxc4 23. Rbc1 Qxa2 24. Ra1 Qxb2 25. Rxa7 Kh7 26. Qf7 Qe5 27.
Be3 Rhf8 28. Qxd7 Rc7 29. Qg4 h5 30. Qg3 Qe7 31. Bg5 Qf7 32. h4 Rd7 33. e5 Qe6
34. Re1 c5 35. Qe3 Rc8 36. Qe4 c4 37. Rxb7 Rdc7 38. Rbb1 c3 39. Rbc1 Rc4 40. Qd3
R8c5 41. Qd6 Rc6 42. Qxe6 Rxe6 43. Rc2 Rxe5 44. Rxe5 Bxe5 45. Kf1 Re4 46. f3 Rb4
47. Ke2 Rb2 48. Kd3 Kg8 49. Rxb2 cxb2 50. Kc2 Kf7 51. Be3 Ke6 52. Bc5 Kf5 53.
Ba3 Kf4 54. Bxb2 Bxb2 55. Kxb2 Kg3 56. Kc3 Kxg2 57. Kd2 Kxf3 58. Ke1 Kg4 0-1

[Event "chess.com SpeedChess Q1Sw"]
[Site "chess.com INT"]
[Date "2022.11.10"]
[Round "7"]
[White "De Silva, L M S T"]
[Black "Aitbayev, Aslan"]
[Result "0-1"]
[WhiteTitle "IM"]
[BlackTitle "IM"]
[WhiteElo "2521"]
[BlackElo "2421"]
[WhiteFideId "9953698"]
[BlackFideId "13704613"]
[EventDate "2022.11.10"]

1. e4 d6 2. d4 g6 3. Nc3 Nf6 4. Nf3 Bg7 5. Be3 a6 6. Qd2 b5 7. Bh6 Bxh6 8. Qxh6
b4 9. Nd5 Nxe4 10. Bd3 Nf6 11. Nxf6+ exf6 12. O-O Be6 13. d5 Bxd5 14. Rfe1+ Kd7
15. Nd4 c5 16. Nf5 gxf5 17. Bxf5+ Kc7 18. Rad1 Bb7 19. Qg7 Nc6 20. Qxf7+ Kb6 21.
Be4 Re8 22. Bf3 Re7 23. Rxe7 Qxe7 24. Qxe7 Nxe7 25. Rxd6+ Kc7 26. Bxb7 Re8 27.
Rxa6 Kxb7 28. Re6 f5 29. g3 Kc7 30. Kg2 Kd7 31. Rh6 Rh8 32. a3 bxa3 33. bxa3 Nd5
34. a4 Nb4 35. c3 Nc6 36. Kf3 Ne7 37. a5 Ra8 38. a6 Ke8 39. Kf4 Kf8 40. c4 Kg7
41. Rb6 Kf7 42. Ke5 Ra7 43. f4 Ra8 44. h4 h5 45. Rh6 Kg7 46. Rb6 Kf7 47. Kd6
Nc8+ 48. Kxc5 Nxb6 49. Kxb6 Rb8+ 50. Kc7 Rb4 51. c5 Ke6 52. a7 Ra4 53. Kb7 Kd5
54. c6 Rb4+ 55. Kc7 Ra4 56. Kb7 Rxa7+ 57. Kxa7 Kxc6 58. Ka6 Kd5 59. Kb5 Ke4 60.
Kc4 Kf3 61. Kd5 Kxg3 62. Ke5 Kg4 63. Kf6 Kxf4 64. Kg6 Kg4 0-1

[Event "chess.com SpeedChess Q1Sw"]
[Site "chess.com INT"]
[Date "2022.11.10"]
[Round "7"]
[White "Garv, Gaur"]
[Black "Sreyas, Payyappat"]
[Result "1-0"]
[WhiteTitle "CM"]
[BlackTitle "FM"]
[WhiteElo "1973"]
[BlackElo "2145"]
[WhiteFideId "45030839"]
[BlackFideId "46674969"]
[EventDate "2022.11.10"]

1. d4 Nf6 2. Nf3 e6 3. c4 c5 4. g3 cxd4 5. Nxd4 Nc6 6. Bg2 Bc5 7. Nb3 Bb6 8. O-O
O-O 9. Nc3 a6 10. e4 d6 11. h3 e5 12. Bg5 Be6 13. Qe2 Rc8 14. Rad1 Nd4 15. Nxd4
Bxc4 16. Qd2 Bxd4 17. Rfe1 h6 18. Be3 Qb6 19. Bxd4 exd4 20. Qxd4 Qxb2 21. Nd5
Qxd4 22. Ne7+ Kh8 23. Rxd4 Rc7 24. Nf5 Bxa2 25. Nxd6 Be6 26. e5 Ne8 27. Nxb7 Kg8
28. Ra1 Bc8 29. Nd6 Nxd6 30. exd6 Ra7 31. Rc1 Rd8 32. Rdc4 Be6 33. Rc7 Rxc7 34.
dxc7 Rf8 35. Bb7 Bc8 36. Bd5 Kh7 37. Rb1 Kg6 38. Rb8 Kf6 39. Bb7 Ke7 40. Rxc8
Rxc8 41. Bxc8 Kd6 42. Bxa6 Kxc7 43. Bc4 f6 44. h4 Kd6 45. h5 Ke5 46. Bf7 Kf5 47.
Bg6+ Kg5 48. Kg2 f5 49. Kh3 f4 50. Kg2 Kg4 51. f3+ Kg5 52. g4 Kh4 53. Kf2 Kh3
54. Ke2 Kg3 55. Be4 Kg2 56. Kd3 Kf2 57. Kd4 Ke2 58. Ke5 Ke3 59. Kf5 1-0

[Event "chess.com SpeedChess Q1Sw"]
[Site "chess.com INT"]
[Date "2022.11.10"]
[Round "7"]
[White "Pakleza, Zbigniew"]
[Black "Jeet, Jain"]
[Result "1-0"]
[WhiteTitle "GM"]
[BlackTitle "FM"]
[WhiteElo "2496"]
[BlackElo "2139"]
[WhiteFideId "1119290"]
[BlackFideId "5073022"]
[EventDate "2022.11.10"]

1. d4 d5 2. Bf4 Nf6 3. e3 c5 4. c3 Nc6 5. Nd2 Qb6 6. Qb3 Bf5 7. dxc5 Qxb3 8.
axb3 e5 9. Bg3 Bxc5 10. b4 Bd6 11. Ngf3 Nd7 12. Bb5 Ke7 13. O-O f6 14. Rfd1 Be6
15. e4 Bc7 16. exd5 Bxd5 17. Bc4 Bxc4 18. Nxc4 Nb6 19. Nfd2 Rhd8 20. f3 Rd7 21.
Kf1 Rad8 22. Ke2 Nxc4 23. Nxc4 Rxd1 24. Rxd1 Rxd1 25. Kxd1 a6 26. Ke2 Ke6 27.
Bf2 f5 28. h3 g5 29. g4 Ne7 30. Be3 h6 31. Na3 Nd5 32. b5 e4 33. bxa6 bxa6 34.
gxf5+ Kxf5 35. Nc2 exf3+ 36. Kxf3 Nxe3 37. Nxe3+ Ke6 38. Kg4 Bf4 39. Nc2 Kd5 40.
Nb4+ Kc4 41. Nxa6 Bc1 42. b4 Kxc3 43. b5 Be3 44. Nc7 Kc4 45. Kh5 Bb6 46. Ne6
Kxb5 47. Kxh6 Kc6 48. Nxg5 Bd4 49. Kg6 Kd6 50. h4 Ke7 51. h5 Ba1 52. Nh7 Bb2 53.
h6 Bc1 54. Ng5 Bb2 55. Kh7 Kf8 56. Ne6+ Kf7 57. Ng5+ Kf8 58. Kg6 Ba1 59. h7 Ke7
60. Ne4 Bb2 61. Ng3 Ba1 62. Nh5 Kf8 63. Nf6 1-0

[Event "chess.com SpeedChess Q1Sw"]
[Site "chess.com INT"]
[Date "2022.11.10"]
[Round "7"]
[White "Koziorowicz, Michal"]
[Black "Li, Ruifeng"]
[Result "0-1"]
[WhiteTitle "FM"]
[BlackTitle "GM"]
[WhiteElo "2296"]
[BlackElo "2541"]
[WhiteFideId "21809194"]
[BlackFideId "2061074"]
[EventDate "2022.11.10"]

1. e4 d6 2. d4 Nf6 3. Nc3 Nc6 4. Bb5 a6 5. Ba4 b5 6. Bb3 e6 7. f3 Na5 8. Bg5 Be7
9. Nge2 Bb7 10. O-O Nxb3 11. axb3 h6 12. Bh4 g5 13. Bg3 Nh5 14. d5 Nxg3 15. Nxg3
h5 16. Kh1 h4 17. Nge2 Bf6 18. Qd3 Qd7 19. f4 h3 20. g3 g4 21. f5 e5 22. Nd1 Ke7
23. c4 c5 24. Ne3 Rhg8 25. Nc3 b4 26. Ncd1 Rg7 27. Nf2 Rag8 28. Qe2 Kd8 29.
Nexg4 Qe7 30. Ne3 Rh7 31. Rg1 Bg5 32. Qf3 f6 33. Nc2 Qg7 34. Ne1 Qh6 35. Ned3
Kc7 36. g4 Be3 37. Rg3 Bd4 38. Rd1 Rgh8 39. Nc1 Bxb2 40. Ne2 Bd4 41. Nxd4 cxd4
42. Nd3 a5 43. Rc1 Ba6 44. Ra1 Kb6 45. Qe2 Ra8 46. Qc2 Rc7 47. Nb2 Qf4 48. Na4+
Ka7 49. Qd3 Rg7 50. Rf1 Qg5 51. Nb2 Rh8 52. Nd1 Kb6 53. Nf2 Qh4 54. Ra1 Qg5 55.
Qc2 Ra7 56. Nd3 Bc8 57. c5+ Kc7 58. cxd6+ Kb8 59. Nc5 Rhh7 60. Ne6 Qg8 61. Rc1
Rhb7 62. Qc6 Bd7 63. Qc5 a4 64. bxa4 b3 65. Rb1 b2 66. Qc2 Rxa4 67. Rxb2 Ra1+
68. Rg1 Rxg1+ 69. Kxg1 Qxg4+ 70. Kh1 Qf3+ 71. Kg1 Qe3+ 72. Qf2 Rxb2 73. Qxe3
dxe3 74. Nc5 Rb1# 0-1

[Event "chess.com SpeedChess Q1Sw"]
[Site "chess.com INT"]
[Date "2022.11.10"]
[Round "7"]
[White "Eljanov, Pavel"]
[Black "Deac, Bogdan-Daniel"]
[Result "0-1"]
[WhiteTitle "GM"]
[BlackTitle "GM"]
[WhiteElo "2706"]
[BlackElo "2700"]
[WhiteFideId "14102951"]
[BlackFideId "1226380"]
[EventDate "2022.11.10"]

1. c4 Nf6 2. g3 e6 3. Bg2 d5 4. Nf3 Be7 5. O-O O-O 6. d3 b6 7. cxd5 Nxd5 8. d4
Bb7 9. Re1 c5 10. e4 Nf6 11. Nc3 Nc6 12. d5 exd5 13. exd5 Nb4 14. Nh4 Nfxd5 15.
a3 Nxc3 16. Qxd8 Raxd8 17. axb4 Bxg2 18. Nxg2 Bf6 19. bxc5 bxc5 20. bxc3 Bxc3
21. Ba3 Bxa1 22. Rxa1 Rc8 23. Ne3 Rfd8 24. Rc1 Rd7 25. Kf1 a5 26. Ke2 a4 27. Rc4
Ra7 28. Nd5 f6 29. Nc3 Kf7 30. Ne4 Re8 31. Kf3 Rd7 32. Bxc5 Ra8 33. Rc3 Rc7 34.
Rd3 Rc6 35. Ba3 Kg8 36. Nc5 Rb6 37. Rd4 Rb5 38. Rc4 Rb1 39. Kg2 Ra1 40. Rc3 Ra2
41. h4 h5 42. Kf3 Rc8 43. Kg2 Ra8 44. Rd3 Rc8 45. Ne4 Re8 46. Nd6 Rd8 47. Rc3
Rb8 48. Bc5 Ra8 49. Re3 a3 50. Nc4 Rc2 51. Rxa3 Rxa3 52. Bxa3 Rxc4 53. Bd6 Ra4
54. Bc5 Kf7 55. Be3 Ke6 56. Bd2 Kf5 57. Kf3 Ra3+ 58. Be3 Ke5 59. Kg2 Ke4 60. Bc5
Rc3 61. Bf8 Rc7 62. Bd6 Rd7 63. Bc5 Kd3 64. Kf3 Rd5 65. Bf8 Rf5+ 66. Kg2 Ke2 67.
f4 g6 68. g4 Rxf4 0-1

[Event "chess.com SpeedChess Q1Sw"]
[Site "chess.com INT"]
[Date "2022.11.10"]
[Round "7"]
[White "Csonka, Balazs"]
[Black "Arencibia Monduy, Antonio"]
[Result "1-0"]
[WhiteTitle "IM"]
[BlackTitle "CM"]
[WhiteElo "2497"]
[BlackElo "2100"]
[WhiteFideId "742910"]
[BlackFideId "3507939"]
[EventDate "2022.11.10"]

1. d4 d6 2. e4 c6 3. c4 Qc7 4. Nc3 e5 5. d5 g6 6. Be2 a6 7. h4 h5 8. Nf3 c5 9.
Ng5 Bg7 10. Be3 Nf6 11. Qd2 Nbd7 12. Rb1 O-O 13. O-O Nh7 14. Nxh7 Kxh7 15. a3
Qd8 16. g3 Nf6 17. Bg5 Bh3 18. Rfc1 Qd7 19. b4 b6 20. bxc5 bxc5 21. Rb6 Ne8 22.
Rcb1 Ra7 23. Rc6 f6 24. Be3 f5 25. exf5 Qxf5 26. Bd3 Qf3 27. Be4 Qf7 28. Rbb6
Bd7 29. Rxd6 Nxd6 30. Rxd6 Rc8 31. Bxg6+ Qxg6 32. Rxg6 Kxg6 33. Ne4 Rb7 34. Nxc5
Rb1+ 35. Kg2 Bf5 36. Qa5 Rxc5 37. Bxc5 Be4+ 38. f3 Rb2+ 39. Bf2 Bd3 40. Qxa6+
Bf6 41. d6 e4 42. d7 exf3+ 43. Kxf3 Be2+ 44. Kg2 Rd2 45. Qe6 Bg4 46. Qe8+ Kg7
47. d8=Q Rxd8 48. Qc6 Rd2 49. Kf1 Rc2 50. Qc7+ Kg6 51. c5 Bf3 52. Qf4 Bg4 53.
Qe4+ Bf5 54. Qe8+ Kg7 55. c6 Rc1+ 56. Kg2 Rc4 57. Kf1 Be4 58. Qd7+ Kg6 59. c7
Rc1+ 60. Ke2 Bf5 61. Qe8+ Kg7 62. Bb6 Rc2+ 63. Kd1 Rc6 64. Qxc6 Bg4+ 65. Kc1 Bf3
66. Qxf3 Bg5+ 67. hxg5 Kg6 68. c8=Q 1-0

[Event "chess.com SpeedChess Q1Sw"]
[Site "chess.com INT"]
[Date "2022.11.10"]
[Round "7"]
[White "Matinian, Nikita"]
[Black "Ambartsumova, Karina"]
[Result "1-0"]
[WhiteTitle "GM"]
[BlackTitle "IM"]
[WhiteElo "2425"]
[BlackElo "2399"]
[WhiteFideId "24129100"]
[BlackFideId "4166299"]
[EventDate "2022.11.10"]

1. e4 e5 2. Nf3 Nc6 3. Bb5 Nf6 4. d3 d6 5. c3 Bd7 6. O-O g6 7. d4 Bg7 8. Re1 O-O
9. h3 Qe8 10. a4 a6 11. Bf1 Nh5 12. dxe5 dxe5 13. Qb3 b6 14. Be3 Kh8 15. Nbd2 f5
16. exf5 gxf5 17. Rad1 Be6 18. Qc2 f4 19. Bd4 Bf5 20. Bd3 Bxd3 21. Qxd3 Qd8 22.
Nxe5 Nxe5 23. Rxe5 Bxe5 24. Bxe5+ Ng7 25. Qf3 Qe7 26. Bd4 c5 27. Bxg7+ Qxg7 28.
Nc4 b5 29. axb5 axb5 30. Nd6 Rad8 31. Qh5 Rd7 32. Rd5 Qg6 33. Qe5+ Qf6 34. Ne4
Qxe5 35. Rxe5 Rd1+ 36. Kh2 Re1 37. f3 Re2 38. Rxc5 Rg8 39. Rg5 Rxg5 40. Nxg5
Rxb2 41. Ne6 Rc2 42. Nd4 Rb2 43. Ne6 Kg8 44. Nxf4 Rb3 45. Nd5 Kf7 46. Kg3 Ke6
47. Nf4+ Kf5 48. Ne2 Rb2 49. Kf2 Ke5 50. Ke3 Rc2 51. g4 Rb2 52. h4 Rb1 53. f4+
Kd5 54. h5 Rh1 55. Kf3 Rh3+ 56. Ng3 Kc4 57. g5 Kxc3 58. g6 hxg6 59. hxg6 Rh8 60.
f5 b4 61. g7 Rg8 62. f6 b3 63. f7 Rxg7 64. f8=Q Rb7 65. Ne4+ Kc2 66. Qc5+ Kd1
67. Qd4+ Kc2 68. Qc3+ Kb1 69. Nd2+ Ka2 70. Qa5+ Kb2 71. Qd5 Kc2 72. Qxb7 b2 73.
Qb3+ Kc1 74. Ke4 Kxd2 75. Qxb2+ 1-0